|
|
|
|
| LEADER |
01271nam a2200385 a 4500 |
| 001 |
nkc20081827727 |
| 003 |
CZ PrNK |
| 005 |
20090416080308.0 |
| 007 |
ta |
| 008 |
081027s2008 xr a b 000 1 cze |
| 015 |
|
|
|a cnb001827727
|
| 020 |
|
|
|a 978-80-904234-0-4
|q (váz.)
|
| 035 |
|
|
|a (OCoLC)316299394
|
| 040 |
|
|
|a ABA001
|b cze
|
| 072 |
|
7 |
|a 821-93
|x Literatura pro děti a mládež (beletrie)
|2 Konspekt
|9 26
|
| 080 |
|
|
|a 821-93
|2 MRF
|
| 080 |
|
|
|a 821-312.5
|2 MRF
|
| 080 |
|
|
|a (084.1)
|2 MRF
|
| 100 |
1 |
|
|a Chlud, Tomáš,
|d 1976-
|7 xx0070463
|4 ill
|
| 245 |
1 |
0 |
|a Kája & Filip :
|b komiks /
|c Tomáš Chlud
|
| 246 |
3 |
|
|a Kája a Filip
|
| 250 |
|
|
|a Vyd. 1.
|
| 260 |
|
|
|a Praha :
|b Sýpka,
|c 2008
|
| 300 |
|
|
|a [80] s. :
|b vše barev. il. ;
|c 30 cm
|
| 500 |
|
|
|a 3000 výt.
|
| 655 |
|
7 |
|a publikace pro děti
|7 fd133156
|2 czenas
|
| 655 |
|
7 |
|a komiksy
|7 fd131978
|2 czenas
|
| 655 |
|
9 |
|a children's literature
|2 eczenas
|
| 655 |
|
9 |
|a comics
|2 eczenas
|
| 856 |
4 |
1 |
|u http://www.digitalniknihovna.cz/mzk/uuid/uuid:b735d2e0-0529-11ee-86bd-005056827e52
|y Digitalizovaný dokument
|x NDK
|
| 910 |
2 |
|
|a BOA001
|b 3-1214.940
|
| 990 |
|
|
|a BK
|
| 995 |
|
|
|a 01
|
| 991 |
|
|
|b 200901
|
| 996 |
6 |
|
|b 2610362419
|c 3-1214.940
|l MZK
|r Sklad / do 1 hodiny
|n 2
|p p.v.
|w 000924583
|u 000010
|a 1
|e BOA001
|j MZK50
|s P
|